000 00692nam a2200241Ia 4500
003 OSt
005 20220923223651.0
006 a|||||r|||| 00| 0
007 ta
008 Pun
024 _a220,039
037 _cTextual
040 _aARTS
_cARTS
_bPun
041 _2Pun
_aPun
082 _aO153,1N351x, N2
100 _aਅਮਰ, ਜੁਗਿੰਦਰ
245 0 _aਆਲ੍ਹਣਾ ਨਾ ਪਾਈਜ਼
260 _aਦਿੱਲੀ
_b ਆਰਸੀ ਪਬਲੀFਰਗ਼
_c1992
300 _a112ਪੰ
_ccm.
650 _aਪੰਜਾਬੀ ਸਾਹਿਤ
942 _hO153,1N351x, N2
_cTEXL
_2CC
999 _c366739
_d366739